| 000 | 01354cas a2200361 i 4500 | ||
|---|---|---|---|
| 999 |
_c200447129 _d65341 |
||
| 003 | TR-AnTOB | ||
| 005 | 20220920152011.0 | ||
| 007 | ta | ||
| 008 | 070123m20009999tu d 00000 tur d | ||
| 020 |
_a9757589217 _q(1995-1997) |
||
| 022 | _a1302-0978 | ||
| 022 | _a1302-8839 | ||
| 022 | _a1302-0986 | ||
| 035 | _a(OCoLC)662433197 | ||
| 040 |
_aSULEY _beng _erda _cSULEY _dTR-AnTOB |
||
| 041 | 0 | _atur | |
| 050 | 1 | 4 |
_aHG3256.5.A7 _bS45 |
| 090 |
_aHG3256.5.A7 _bS45 |
||
| 245 | 0 | 0 | _aSektör bilançoları değerlendirmesi. |
| 264 | 1 |
_aAnkara : _bTürkiye Cumhuriyet Merkez Bankası, _c1998- |
|
| 300 |
_avolumes ; _c23 cm |
||
| 336 |
_atext _btxt _2rdacontent |
||
| 337 |
_aunmediated _bn _2rdamedia |
||
| 338 |
_avolume _bnc _2rdacarrier |
||
| 505 | 1 |
_tSektör bilançoları 1994-1996 yılları değerlendirmesi çalışma özeti.-- _tSektör bilançoları 1995-1997 yılları değerlendirmesi çalışma özeti. |
|
| 610 | 2 | 0 |
_aTürkiye Cumhuriyet Merkez Bankası _934579 |
| 650 | 7 |
_aİmalat sanayii _zTürkiye _vİstatistikler _2etuturkob _918281 |
|
| 710 | 2 |
_aTürkiye Cumhuriyet Merkez Bankası _934579 |
|
| 856 | 4 | 1 |
_uhttps://www.tcmb.gov.tr/wps/wcm/connect/TR/TCMB+TR/Main+Menu/Istatistikler/Reel+Sektor+Istatistikleri/Sektor+Bilancolari/Arsiv/ _yFull text |
| 942 |
_2lcc _cCR |
||